| Поле | Название | Значение |
| |
Тип записи |
a |
| |
Библиографический уровень |
m |
| 001 |
Контрольный номер |
SKBR/8caa10be-c49e-4a2d-9a01-e2b62c36ef34 |
| 005 |
Дата корректировки |
20241126123518.0 |
| 010 |
Индекс ISBN |
__ |
| a |
ISBN |
978-5-00139-560-7 |
| b |
Уточнения |
в пер. |
| 010 |
Индекс ISBN |
__ |
| a |
ISBN |
978-5-00139-359-7 |
| 9 |
Тираж |
1500 экз. |
| d |
Цена |
707-15 |
| 035 |
Другие системные номера |
__ |
| a |
Идентификатор записи |
RU/Тюменская ОНБ/EKC/24/Л 37-854129992 |
| 100 |
Данные общей обработки |
__ |
| a |
Данные общей обработки |
20240909d2022 m y0rusy028902 ca |
| 101 |
Язык документа |
0_ |
| a |
Язык текста |
rus |
| 102 |
Страна публикации |
__ |
| a |
Страна публикации |
RU |
| 105 |
Кодированные данные (монография) |
__ |
| a |
Кодированные данные (монография) |
a z 000yy |
| 181 |
Поле кодированных данных: вид содержания |
_0 |
| a |
Код вида содержания (ISBD) |
i |
| 182 |
Поле кодированных данных: тип средства |
_0 |
| a |
Код типа средства (ISBD) |
n |
| 200 |
Заглавие и сведения об ответственности |
1_ |
| a |
Заглавие |
Лаборатория химических историй. От электрона до молекулярных машин |
| f |
Первые сведения об ответственности |
Михаил Левицкий |
| 203 |
Вид содержания и тип средства |
__ |
| a |
Вид содержания |
Текст |
| c |
Тип средства |
непосредственный |
| 210 |
Выходные данные |
1_ |
| a |
Место издания |
Москва |
| c |
Издательство |
Альпина нон-фикшн |
| d |
Дата издания |
2022 |
| 215 |
Физическое описание |
__ |
| a |
Объем |
350 с. |
| c |
Иллюстрации/тип воспроизводства |
ил., портр. |
| d |
Формат |
22 см |
| 225 |
Серия |
2_ |
| a |
Серия |
Книги Политеха |
| i |
Наименование части |
Материя и материалы |
| 320 |
Библиография |
__ |
| a |
Библиография |
Библиография: с. 349-350 |
| 330 |
Аннотация |
__ |
| a |
Аннотация |
Что происходит с молекулами в момент химических реакций и почему одни вещества становятся мягкими, а другие твердеют, одни приобретают упругость, а другие — хрупкость? Каким образом вязкая жидкая масса превращается в легкую приятную ткань и почему человек не может жить без полимеров? Какими были люди, совершившие величайшие открытия в химии, и какую роль сыграл элемент случайности в этих открытиях? Как выглядит лаборатория и так ли на самом деле скучна жизнь обычного лаборанта? Отвечая на эти и другие вопросы, Михаил Левицкий показывает, что химия — это весьма увлекательно! |
| 517 |
Другие варианты заглавия |
1_ |
| a |
Другие варианты заглавия |
От электрона до молекулярных машин |
| 606 |
Тематические рубрики |
__ |
| a |
Основная рубрика |
Химия |
| 2 |
Код системы |
nlr_sh |
| 606 |
Тематические рубрики |
__ |
| a |
Основная рубрика |
Общая и неорганическая химия в целом |
| 2 |
Код системы |
nlr_sh |
| 610 |
Ключевые слова |
0_ |
| a |
Ключевые слова |
химия |
| 610 |
Ключевые слова |
0_ |
| a |
Ключевые слова |
популярная химия |
| 610 |
Ключевые слова |
0_ |
| a |
Ключевые слова |
химические реакции |
| 610 |
Ключевые слова |
0_ |
| a |
Ключевые слова |
научные факты |
| 610 |
Ключевые слова |
0_ |
| a |
Ключевые слова |
химические процессы |
| 610 |
Ключевые слова |
0_ |
| a |
Ключевые слова |
биохимия |
| 610 |
Ключевые слова |
0_ |
| a |
Ключевые слова |
химические элементы |
| 686 |
Индексы других классификаций |
__ |
| 2 |
Код системы |
rubbks |
| a |
Классификационный индекс |
24.1; ст24.1 |
| 700 |
Автор |
_1 |
| a |
Фамилия |
Левицкий |
| b |
Имя |
М. М. |
| g |
Полное личное имя |
Михаил Моисеевич |
| 4 |
Код отношения |
070 |
| 801 |
Источник записи |
_2 |
| b |
Организация |
Тюменская ОНБ |
| a |
Страна |
RU |
| c |
Дата составления |
20220614 |
| g |
Правила каталогизации |
PSBO |
| 801 |
Источник записи |
_1 |
| b |
Организация |
Тюменская ОНБ |
| a |
Страна |
RU |
| c |
Дата составления |
20220622 |
| g |
Правила каталогизации |
PSBO |
| 852 |
Данные о местонахождении |
__ |
| i |
Авторский знак |
Л 37 |
| j |
Шифр хранения |
24.1 |
| 900 |
Макрообъекты |
__ |
| a |
Макрообъекты |
Лаборатория химических историй. От электрона до молекулярных машин. Левицкий, М., 2022 |
| 901 |
Тип документа |
__ |
| a |
Ответственный |
КиК/Обаева |
| t |
Тип документа |
m |
| 903 |
Характеристики (МАРС) |
__ |
| a |
Дата передачи |
20240909 |
| c |
Наименование библиотеки (МАРС) |
Муниципальное бюджетное учреждение культуры "Централизованная библиотечная система" г. Сургут (Центральная городская библиотека им. А. С. Пушкина) |
| 969 |
Тип издания |
__ |
| a |
Тип издания |
научно-популярное издание |
| 990 |
Данные о заказе (DOS) |
__ |
| j |
Количество экземпляров (DOS) |
6 |
| t |
N записи в КСУ для И/У (DOS) |
202411 |